000 00996nam a2200277 a 4500
001 000006554
003 DO-SdBNP
005 20260313085836.0
008 090901s2003 dr 000 0 spa d
020 _z9993480444
040 _aDO-SdBNP
_bspa
_cBNPHU
082 _a302.14
_bA275c
100 1 _aAgosto, Gabriela
_92628
245 1 0 _aCapital social comunitario en la República Dominicana /
_cGabriela Agosto.
260 _aSanto Domingo :
_bBúho,
_c2003.
300 _a351 p. ;
_c23 cm.
504 _aIncluiye referencias bibliográficas y notas al pie de las páginas
590 _aInventariado, 2018/BT
650 _aParticipación social
_zRepública Dominicana
_977777
_2LIBRUNAM
650 7 _aSociedad civil
_zRepública Dominicana
_914011
650 4 _aOrganización de la comunidad
_94184
650 7 _aCapital social
_zRepública Dominicana
_943456
_2LIBRUNAM
700 1 2 _aCampo, Esther del,
_epról.
_918201
910 _aValidado. Control de calidad. MFF
942 _2ddc
_cLBS1
999 _c6345
_d6345